Výstava umeleckých obrazov a ilustrácií Daniela Pastirčáka

Informácia o výstave umeleckých obrazov a ilustrácií umelca Daniela Pastirčáka usporiadanej INFOCENom na Konventnej č.1 v Bratislave (palác rodu Pálffyovcov).

Gespeichert in:
Bibliographische Detailangaben
1. Verfasser: Gáfriková, Marta
Format: Buchkapitel
Sprache:Slowakisch
Schlagworte:
Tags: Tag hinzufügen
Keine Tags, Fügen Sie das erste Tag hinzu!

MARC

LEADER 00000naa$a2200000$$$4500
001 0030989
005 20240502071436.4
041 0 |a slo 
044 |a SK 
245 1 0 |a Výstava umeleckých obrazov a ilustrácií Daniela Pastirčáka  |c Marta Gáfriková 
520 |a Informácia o výstave umeleckých obrazov a ilustrácií umelca Daniela Pastirčáka usporiadanej INFOCENom na Konventnej č.1 v Bratislave (palác rodu Pálffyovcov). 
610 2 0 |a výstavy 
610 2 0 |a umenie 
610 2 0 |a informácie 
100 1 |a Gáfriková, Marta